<?xml version="1.0" encoding="UTF-8"?>
<record
    xmlns:xsi="http://www.w3.org/2001/XMLSchema-instance"
    xsi:schemaLocation="http://www.loc.gov/MARC21/slim http://www.loc.gov/standards/marcxml/schema/MARC21slim.xsd"
    xmlns="http://www.loc.gov/MARC21/slim">

  <leader>     nam a22     7a 4500</leader>
  <datafield tag="999" ind1=" " ind2=" ">
    <subfield code="c">259220</subfield>
    <subfield code="d">259220</subfield>
  </datafield>
  <controlfield tag="003">IT-MiCISF</controlfield>
  <controlfield tag="008">161221b        xxu||||| |||| 00| 0 eng d</controlfield>
  <datafield tag="020" ind1=" " ind2=" ">
    <subfield code="a">9788882274580</subfield>
  </datafield>
  <datafield tag="040" ind1=" " ind2=" ">
    <subfield code="c">IT-MiCISF</subfield>
  </datafield>
  <datafield tag="041" ind1=" " ind2=" ">
    <subfield code="a">it</subfield>
  </datafield>
  <datafield tag="100" ind1=" " ind2=" ">
    <subfield code="a">Lacroix Xavier (et al.)</subfield>
    <subfield code="9">56104</subfield>
  </datafield>
  <datafield tag="245" ind1=" " ind2=" ">
    <subfield code="a">La famiglia tra sfide e prospettive</subfield>
  </datafield>
  <datafield tag="260" ind1=" " ind2=" ">
    <subfield code="a">Magnano (BI)</subfield>
    <subfield code="b">Edizioni Qiqajon</subfield>
    <subfield code="c">2015</subfield>
  </datafield>
  <datafield tag="300" ind1=" " ind2=" ">
    <subfield code="a">pp. 350</subfield>
  </datafield>
  <datafield tag="500" ind1=" " ind2=" ">
    <subfield code="a">pastorale-familiare, matrimonio-sacramento, procreazione-responsabile, aborto, omosessualit&#xE0;, nuove-nozze</subfield>
  </datafield>
  <datafield tag="520" ind1=" " ind2=" ">
    <subfield code="a">Papa Francesco sta invitando tutta la chiesa a intraprendere con responsabilit&#xE0; un cammino sinodale. In questo volume sono raccolte le risposte, brevi e argomentate, di ventisei teologi, uomini e donne, presbiteri e laici, sollecitati dall&#x2019;invito del papa, in particolare riguardo alle sfide poste dal mondo di oggi alla famiglia. I temi affrontati sono tra i pi&#xF9; urgenti: il significato teologico del matrimonio, la parola di Dio e la vocazione dell&#x2019;amore coniugale, la missione sociale della famiglia, la responsabilit&#xE0; delle coppie di fronte alla procreazione, l&#x2019;aborto e la contraccezione, la relazione omosessuale, i divorziati risposati e il loro accesso ai sacramenti. (Introduzione di Bordeyne P., Pincon B. Prefazione di Brunin J.L. Postfazione di Bianchi E.)</subfield>
  </datafield>
  <datafield tag="650" ind1=" " ind2=" ">
    <subfield code="a">pastorale-familiare</subfield>
    <subfield code="9">56039</subfield>
  </datafield>
  <datafield tag="654" ind1=" " ind2=" ">
    <subfield code="a">dossier</subfield>
  </datafield>
  <datafield tag="700" ind1=" " ind2=" ">
    <subfield code="a">Theobald C.</subfield>
    <subfield code="a">W&#xE9;nin A.</subfield>
    <subfield code="a">Chiron J.-F.</subfield>
    <subfield code="a">Lefebvre Ph.</subfield>
    <subfield code="a">Margron V.</subfield>
    <subfield code="a">Pelletier A.-M.</subfield>
    <subfield code="a">Souletie J.-L.</subfield>
    <subfield code="a">Gagey H.-J.</subfield>
    <subfield code="9">56105</subfield>
  </datafield>
  <datafield tag="942" ind1=" " ind2=" ">
    <subfield code="2">ddc</subfield>
    <subfield code="c">BK</subfield>
  </datafield>
  <datafield tag="952" ind1=" " ind2=" ">
    <subfield code="0">0</subfield>
    <subfield code="1">0</subfield>
    <subfield code="2">ddc</subfield>
    <subfield code="4">0</subfield>
    <subfield code="6">A_2165_000000000000000</subfield>
    <subfield code="7">1</subfield>
    <subfield code="a">CISF</subfield>
    <subfield code="b">CISF</subfield>
    <subfield code="d">2016-12-21</subfield>
    <subfield code="l">0</subfield>
    <subfield code="o">a2165</subfield>
    <subfield code="p">9788882274580</subfield>
    <subfield code="r">2016-12-21 00:00:00</subfield>
    <subfield code="w">2016-12-21</subfield>
    <subfield code="y">BK</subfield>
  </datafield>
</record>
